| 000 | 00511nam a22001697a 4500 | ||
|---|---|---|---|
| 082 |
_a387.70321 _bOCR _cL-31, P-93 |
||
| 100 |
_aOCRAN, E B, _938386 |
||
| 110 |
_aGRANADA _938387 |
||
| 245 |
_aDICTIONARY OF AIR TRANSPORT AND TRAFFIC CONTROL _bDICTIONARY OF AIR TRANSPORT AND TRAFFIC CONTROL |
||
| 260 |
_aNEWYORK _bGRANADA _c1984 |
||
| 300 |
_a242P.: _c24CM |
||
| 526 |
_a0 _b0 _c0 _d387_703210000000000_OCR |
||
| 650 |
_aMCE _9379 |
||
| 700 |
_aOCRAN, E B, _938386 |
||
| 710 |
_aGRANADA _938387 |
||
| 942 |
_2ddc _cBK |
||
| 999 |
_c543014 _d543014 |
||